1059 1986 1923 1036 1165 1503 1846 1579 1350 1251 1100 1466 1813 1663 1182 1322 1007 1062 1130 1394 1906 1301 1181 1181 1712 1415 1960 1314 1526 1517 1429 1951 1147 1367 1110 1573 1658 1767 1754 1371 1381 1279 1668 1113 1569 1903 1470 1434 1865 1894 1562 1992 1340 1059 1706 1561 1217 1428 1432 1078 1171 2000 1833 1258 1234 1672 1619 1017 1421 1053 1508 1214 1454 1610 1183 1888 1669 1996 1320 1198 1405 1352 1534 1983 1447 1082 1650 1680 1940 1990 1978 1476 1764 1147 1725 1639 1216 1152 1360 BCNSPRNW ULIB Ver.6.0+V

เปลี่ยนเป็นภาษาไทย

Change to English
 แสดงรายละเอียดบรรณานุกรม
  กลับหน้าหลัก

Brief Record : Get Marc (ISO 2709) : E-mail record : QR code < ปิดหน้าต่าง
LEADER : 00000nam 2200000uu 4500
001    13399126645
003     ULIB
008    190130s2561||||th 000 0 tha d
020    ^a9789740338154
060 04 ^aWS105^bพ262จ
100 0  ^aพรรณทิพย์ ศิริวรรณบุศย์
245 10 ^aจิตวิทยาพัฒนาการ /^cพรรณทิพย์ ศิริวรรณบุศย์
250    ^aพิมพ์ครั้งที่ 1
260    ^aกรุงเทพฯ :^bจุฬาลงกรณ์มหาวิทยาลัย,^c2561
300    ^a175 หน้า
504    ^aบรรณานุกรมท้ายเล่ม
650  7 ^aจิตวิทยา
650  7 ^aจิตวิทยาประยุกต์
650  2 ^aPsychology, Applied
945    ^p190^l0^i26909
945    ^p190^l0^i26908
945    ^p190^l0^i26907
945    ^p190^l0^i26906
999    ^aกัณชพร จุลอักษร
รายการนี้ยังไม่มีแท็ก
คุณยังไม่ได้ล็อกอิน คุณสามารถมีกิจกรรมร่วมกับเว็บไซต์ได้ แต่ต้องล็อกอินก่อน ::
  ล็อกอิน

รายการสื่อสารสนเทศ

ลำดับที่ ประเภท เลขเรียก/บาร์โค้ด สถานที่ สถานะ
1. หนังสือสำรอง
หนังสือสำรอง
WS105 พ262จ ฉ.1 
  Barcode: 26906
ห้องสมุดวิทยาเขตนครสวรรค์
►หนังสือทั่วไป:l:General Books
บนชั้น
2. วิทยาศาสตร์การแพทย์ และสุขภาพ
วิทยาศาสตร์การแพทย์ และสุขภาพ
WS105 พ262จ ฉ.2 
  Barcode: 26907
ห้องสมุดวิทยาเขตนครสวรรค์
►หนังสือทั่วไป:l:General Books
บนชั้น
3. วิทยาศาสตร์การแพทย์ และสุขภาพ
วิทยาศาสตร์การแพทย์ และสุขภาพ
WS105 พ262จ ฉ.3 
  Barcode: 26908
ห้องสมุดวิทยาเขตนครสวรรค์
►หนังสือทั่วไป:l:General Books
บนชั้น
4. วิทยาศาสตร์การแพทย์ และสุขภาพ
วิทยาศาสตร์การแพทย์ และสุขภาพ
WS105 พ262จ ฉ.4 
  Barcode: 26909
ห้องสมุดวิทยาเขตนครสวรรค์
►หนังสือทั่วไป:l:General Books
บนชั้น

รายการใกล้เคียง
    ผู้แต่ง [พรรณทิพย์ ศิริวรรณบุศย์]

    หัวเรื่อง [จิตวิทยา]
    หัวเรื่อง [จิตวิทยาประยุกต์]
    หัวเรื่อง [Psychology, Applied]

BibComment


ยังไม่เคยถูกคอมเมนท์

คอมเมนท์ทรัพยากรรายการนี้
  คอมเมนท์: จิตวิทยาพัฒนาการ..


 Copyright 2026. Bcnsprnw @Library